|
|
|
|
| LEADER |
00000nam0a2200000 4500 |
| 001 |
359716 |
| 005 |
20231102011220.0 |
| 010 |
|
|
|a 5280012548
|
| 035 |
|
|
|a (RuTPU)RU\TPU\retro\16996
|
| 090 |
|
|
|a 359716
|
| 100 |
|
|
|a 20201203d1990 m y0rusy50 ca
|
| 101 |
1 |
|
|a rus
|c tur
|
| 102 |
|
|
|a RU
|
| 105 |
|
|
|a y z 001ay
|
| 200 |
1 |
|
|a Избранное
|e пер. с тур.
|f А. Сабахаттин
|g авт. предисл. Р. Фиш
|
| 210 |
|
|
|a Москва
|c Художественная литература
|d 1990
|
| 215 |
|
|
|a 542 с.
|
| 320 |
|
|
|a Вступительная статья: с. 3-18
|
| 464 |
|
|
|t Юсуф из Куюджака; Дьявол внутри нас; Мадонна в меховом манто
|o романы
|
| 606 |
1 |
|
|a Турецкая литература
|2 stltpush
|3 (RuTPU)RU\TPU\subj\62161
|9 79306
|
| 610 |
1 |
|
|a художественная литература
|
| 610 |
1 |
|
|a романы
|
| 675 |
|
|
|a 894.35
|v 4
|
| 700 |
|
1 |
|a Сабахаттин
|b А.
|g Али
|4 070
|
| 702 |
|
1 |
|a Фиш
|b Р.
|4 080
|
| 801 |
|
1 |
|a RU
|b 63413507
|c 20201203
|
| 801 |
|
2 |
|a RU
|b 63413507
|c 20210421
|g RCR
|
| 942 |
|
|
|c BK
|